Svenska fotbollsspelare med flest landskamper - Statistics

General Stats
  • This quiz has been taken 51 times
  • The average score is 10 of 20
Answer Stats
År aktiva Matcher(Mål) Answer % Correct
2001- 121(62) Zlatan Ibrahimović
98%
1993–2009 106(37) Henrik Larsson
91%
2008-2021 133(10) Sebastian Larsson
86%
1981-1997 143(0) Thomas Ravelli
77%
2002-2016 133(0) Andreas Isaksson
75%
1999-2013 148(21) Anders Svensson
73%
2001-2016 131(16) Kim Källström
57%
1990–2000 83(31) Kennet Andersson
55%
2000-2012 117(9) Olof Mellberg
55%
1992–2002 96(3) Patrik Andersson
55%
2006–2021 88(9) Andreas Granqvist
50%
2008–2021 90(24) Marcus Berg
48%
2008–2021 94(6) Mikael Lustig
48%
1986-2000 116(2) Roland Nilsson
27%
2002–2015 85(20) Johan Elmander
25%
1995–2006 86(0) Teddy Lučić
25%
2001–2012 79(9) Christian Wilhelmsson
14%
1963–1978 115(0) Björn Nordquist
11%
1993–2008 109(7) Niclas Alexandersson
9%
1951–1965 94(0) Orvar Bergmark
0%
No matching quizzes found
Score Distribution
Percent of People with Each Score
Percentile by Number Answered
Your Score History
You have not taken this quiz